La Constitución de los Estados Unidos y su significado actual

Guardat en:
Dades bibliogràfiques
Autor principal: Corwin, Edward Samuel (Autor)
Format: Llibre
Idioma:espanyol
Publicat: Buenos Aires Fraterna 1987
Matèries:
Etiquetes: Afegir etiqueta
Sense etiquetes, Sigues el primer a etiquetar aquest registre!

MARC

LEADER 00000nam a2200000 a 4500
001 UCX8760
003 CL-VaPUC
008 940426e19870000AG |||||||||||||||||spa|d
082 0 4 |a 342.73  |b COR  |2 21 
100 |a Corwin, Edward Samuel  |e author  |9 383644 
245 1 3 |a La Constitución de los Estados Unidos y su significado actual 
300 |a 743 p 
942 |c BK 
945 |d 19940426 00:00:00  |a aalvarez 
260 |a Buenos Aires  |b Fraterna  |c 1987 
650 0 |a Derecho constitucional   |9 222588 
651 0 |a Estados Unidos  |9 255178 
583 |a last modification  |c 19940426 00:00:00  |k Rodrigo Vera 
999 |c 228169  |d 228167 
952 |0 0  |1 0  |4 0  |6 342_730000000000000_COR_1987  |7 0  |8 A  |9 227913  |a BIBDER  |b BIBDER  |d 2019-11-15  |i 2971119  |o 342.73 COR 1987  |p 2971119  |r 2023-01-25  |w 2019-11-15  |y BK  |k DER